La actividad pesquera en el embalse de Prado / (Registro nro. 19115)
[ vista simple ]
| 000 -CABECERA | |
|---|---|
| Campo de control | 01312nam a22003137a 4500 |
| 005 - FECHA Y HORA DE LA ULTIMA TRANSACCION | |
| Campo de control | 20180803170338.0 |
| 008 - ELEMENTOS DE LONGITUD FIJA—INFORMACION GENERAL | |
| Campo de control | 161117b2010 ck ad|||r|||| 00| 0 spa d |
| 020 ## - ISBN | |
| ISBN | 9789589243749 |
| 040 ## - FUENTE DE CATALOGACIÓN | |
| Agencia catalogadora original | CO-BoIAVH |
| Agencia transcriptora | CO-BoIAVH |
| 041 0# - IDIOMA | |
| Código de idioma para texto/pista de sonido o título separado | Español |
| 044 ## - PAÍS DE PUBLICACIÓN | |
| País de publicación | Colombia |
| 090 ## - CLASIFICACIÓN LOCAL | |
| Colección | FG- |
| Consecutivo | 0084 |
| 245 03 - MENCION DE TITULO | |
| Título | La actividad pesquera en el embalse de Prado / |
| Mención de responsabilidad | Luis José García Melo [y otros 6] |
| 260 ## - PUBLICACION, DISTRIBUCION, ETC. (PIE DE IMPRENTA) | |
| Lugar de publicación, distribución, etc. | [Ibagué?], Colombia : |
| Nombre del editor, distribuidor, etc. | Incoder : |
| -- | Universidad del Tolima, |
| Fecha de publicación, distribución, etc. | 2010. |
| 300 ## - DESCRIPCION FISICA | |
| Extensión | 28 páginas : |
| Otros detalles físicos | ilustraciones y gráficas ; |
| Dimensiones | 21 x 16 cm. |
| 504 ## - NOTA DE BIBLIOGRAFIA, ETC. | |
| Nota de bibliografía | Incluye referencias bibliográficas. |
| 650 26 - ASIENTO SECUNDARIO DE MATERIA - TERMINO TEMATICO | |
| Término temático o nombre geográfico como elemento de entrada | Piscicultura |
| Subdivisión geográfica | Embalse de prado (Tolima, Colombia) |
| 9 (RLIN) | 77145 |
| 650 26 - ASIENTO SECUNDARIO DE MATERIA - TERMINO TEMATICO | |
| Término temático o nombre geográfico como elemento de entrada | Pesca |
| Subdivisión geográfica | Embalse de prado (Tolima, Colombia) |
| 9 (RLIN) | 77146 |
| 650 26 - ASIENTO SECUNDARIO DE MATERIA - TERMINO TEMATICO | |
| Término temático o nombre geográfico como elemento de entrada | Producción pesquera |
| Subdivisión geográfica | Embalse de prado (Tolima, Colombia) |
| 9 (RLIN) | 77147 |
| 650 26 - ASIENTO SECUNDARIO DE MATERIA - TERMINO TEMATICO | |
| Término temático o nombre geográfico como elemento de entrada | Recursos pesqueros |
| Subdivisión geográfica | Embalse de prado (Tolima, Colombia) |
| 9 (RLIN) | 77148 |
| 700 1# - ASIENTO SECUNDARIO - NOMBRE PERSONAL | |
| Nombre personal | García Melo, Luis José |
| Término de relación | textos |
| 9 (RLIN) | 100432 |
| 700 1# - ASIENTO SECUNDARIO - NOMBRE PERSONAL | |
| Nombre personal | Pardo Pardo, Germán |
| Término de relación | textos |
| 9 (RLIN) | 77142 |
| 700 1# - ASIENTO SECUNDARIO - NOMBRE PERSONAL | |
| Nombre personal | Villa Navarro, Francisco Antonio |
| Término de relación | textos |
| 9 (RLIN) | 5096 |
| 700 1# - ASIENTO SECUNDARIO - NOMBRE PERSONAL | |
| Nombre personal | Reinoso-Florez, Gladys |
| Término de relación | textos |
| 9 (RLIN) | 18966 |
| 700 1# - ASIENTO SECUNDARIO - NOMBRE PERSONAL | |
| Nombre personal | García Melo, Jorge Enrique |
| Término de relación | textos |
| 9 (RLIN) | 100431 |
| 700 1# - ASIENTO SECUNDARIO - NOMBRE PERSONAL | |
| Nombre personal | Briñez Vásquez, Negover |
| Término de relación | textos |
| 9 (RLIN) | 77143 |
| 700 1# - ASIENTO SECUNDARIO - NOMBRE PERSONAL | |
| Nombre personal | Flórez Delgado, Nancy Yaneth |
| Término de relación | textos |
| 9 (RLIN) | 77151 |
| 942 ## - ELEMENTOS ADICIONALES (KOHA) | |
| Sistema de clasificación | Local |
| Tipo de ítem | Folleto |
| Withdrawn status | Lost status | Sistema de Clasificación | Damaged status | No para préstamo | Colección | Inventariado | Ubicación Permanente | Ubicación actual | Fecha de adquisición | Total Checkouts | Número topográfico | Inventario / Código de Barras | Date last seen | Ejemplar | Price effective from | Forma de adquisición | Tipo de material |
|---|---|---|---|---|---|---|---|---|---|---|---|---|---|---|---|---|---|
| Dewey Decimal Classification | Hemeroteca | Inventariado 2017 | Bogotá | Bogotá | 17/11/2016 | FG-0084 | 040804 | 17/11/2016 | Ej. 1 | 17/11/2016 | Donación | Folleto |